AH International Schools' Libraries

100 things to know about sport / (Record no. 50222)

MARC details
000 -LEADER
fixed length control field 00488nam a2200157 4500
020 ## - INTERNATIONAL STANDARD BOOK NUMBER
International Standard Book Number 9781803701332
100 ## - MAIN ENTRY--PERSONAL NAME
Personal name James, Alice.
9 (RLIN) 83623
245 ## - TITLE STATEMENT
Title 100 things to know about sport /
Statement of responsibility, etc Alice James et al.
260 ## - PUBLICATION, DISTRIBUTION, ETC. (IMPRINT)
Place of publication, distribution, etc London:
Name of publisher, distributor, etc Usborne;
Date of publication, distribution, etc 2024.
300 ## - PHYSICAL DESCRIPTION
Extent 127 p.
Other physical details col. ill.
Dimensions 25 cm.
490 ## - SERIES STATEMENT
Series statement 100 things to know about;
650 ## - SUBJECT ADDED ENTRY--TOPICAL TERM
Topical term or geographic name as entry element Sports.
700 ## - ADDED ENTRY--PERSONAL NAME
Relator code Illustrator.
Personal name Federico Mariani.
9 (RLIN) 82822
700 ## - ADDED ENTRY--PERSONAL NAME
Relator code Illustrator.
Personal name Dominique Byron.
9 (RLIN) 87270
942 ## - ADDED ENTRY ELEMENTS (KOHA)
Source of classification or shelving scheme
Koha item type NON FIC SECTION
Holdings
Withdrawn status Lost status Source of classification or shelving scheme Damaged status Not for loan Collection code Home library Current library Date acquired Total Checkouts Full call number Barcode Checked out Date last seen Date checked out Price effective from Koha item type
          Non-Fiction Asian Hope Secondary Library Asian Hope Secondary Library 02/27/2026 1 796 JAM 210831 05/05/2026 04/28/2026 04/28/2026 02/27/2026 NON FIC SECTION

For any Logos Library related questions please contact Miss Art at swongnarasuk@asianhope.org.

For any Asian Hope Library related questions please contact Miss Raza at graza@asianhope.org.

Powered by Koha